Spinoza's modernity (Record no. 129056)
[ view plain ]
| 000 -LEADER | |
|---|---|
| fixed length control field | 01737nam a22003974a 4500 |
| 082 04 - DEWEY DECIMAL CLASSIFICATION NUMBER | |
| Classification number | 199/.492 |
| 100 1# - MAIN ENTRY--AUTHOR NAME | |
| Personal name | Goetschel, Willi, |
| 245 10 - TITLE STATEMENT | |
| Title | Spinoza's modernity |
| 260 ## - PUBLICATION, DISTRIBUTION, ETC. (IMPRINT) | |
| Place of publication | Madison, Wis. : |
| Name of publisher | University of Wisconsin Press, |
| Year of publication | c2004. |
| 300 ## - PHYSICAL DESCRIPTION | |
| Number of Pages | x, 351 p. |
| 490 1# - SERIES STATEMENT | |
| Series statement | Studies in German Jewish cultural history and literature |
| 505 0# - FORMATTED CONTENTS NOTE | |
| Formatted contents note | The scandal of Spinoza's Jewishness -- Spinoza's modernity -- Spinoza through Mendelssohn -- Spinoza through Lessing -- Spinoza's new place. |
| 650 #0 - SUBJECT ADDED ENTRY--TOPICAL TERM | |
| Topical Term | Enlightenment. |
| Topical Term | Jewish philosophy. |
| 856 40 - ELECTRONIC LOCATION AND ACCESS | |
| Uniform Resource Identifier | http://site.ebrary.com/lib/rucke/Doc?id=10217032 |
No items available.
